Growing pains (Record no. 76084)
[ view plain ]
| 000 -LEADER | |
|---|---|
| fixed length control field | 00917cab a2200181 4500 |
| 001 - CONTROL NUMBER | |
| control field | ##L131451 |
| 008 - FIXED-LENGTH DATA ELEMENTS--GENERAL INFORMATION | |
| fixed length control field | 051103n2005 000 0 eng u |
| 035 ## - SYSTEM CONTROL NUMBER | |
| System control number | (Sirsi) u131451 |
| 041 0# - LANGUAGE CODE | |
| Language code of text/sound track or separate title | eng |
| 100 1# - MAIN ENTRY--PERSONAL NAME | |
| Personal name | Taylor, Christina |
| 245 00 - TITLE STATEMENT | |
| Title | Growing pains |
| 260 ## - PUBLICATION, DISTRIBUTION, ETC. | |
| Date of publication, distribution, etc. | 2005 |
| 490 #0 - SERIES STATEMENT | |
| Series statement | QS Week |
| Volume/sequential designation | (26) 19 October 2005 12-13(2) |
| 520 ## - SUMMARY, ETC. | |
| Summary, etc. | Reports on the growth in construction output in the North East of England, which has exceeded that in the rest of the country for the last four years. There is evidence that this growth is leading to tender inflation above the national average, as both contractors and sub-contractors become more selective. Fears have been expressed that this inflation will jeopardise the viability of some projects, and lead to the reappraisal of development proposals. |
| 590 ## - LOCAL NOTE (RLIN) | |
| Local note | IKA081105 |
| 690 ## - LOCAL SUBJECT ADDED ENTRY--TOPICAL TERM (OCLC, RLIN) | |
| Topical term or geographic name as entry element | PROPERTY-PROPERTY DEVELOPMENT-SUSTAINABLE PROPERTY DEVELOPMENT |
| 942 ## - ADDED ENTRY ELEMENTS (KOHA) | |
| Suppress in OPAC | 0 |
| Withdrawn status | Lost status | Source of classification or shelving scheme | Damaged status | Not for loan | Home library | Current library | Shelving location | Date acquired | Total Checkouts | Full call number | Barcode | Date last seen | Copy number | Price effective from | Koha item type |
|---|---|---|---|---|---|---|---|---|---|---|---|---|---|---|---|
| Dewey Decimal Classification | London | London | Journal article | 03/11/2005 | L131451 | 131451-1001 | 06/08/2019 | 1 | 06/08/2019 | Journal article |